Negatívne vplyvy hospodárskej činnosti na úrodnosť pôdy

Pôda ako základný výrobný prostriedok v poľnohospodárstve, významná zložka životného prostredia a bohatstvo spoločnosti. Jej základnou funkciou je úrodnosť. Negatívne pôsobenie človeka na pôdu spočíva v jej znečisťovaní a devastácii poľnohospodárskou a priemyselnou činnosťou, čím dochádza k poklesu...

Celý popis

Uložené v:
Podrobná bibliografia
Hlavný autor: Vybíralová, Júlia
Médium: Kapitola
Jazyk:Slovak
Predmet:
Tagy: Pridať tag
Žiadne tagy, Buďte prvý, kto otaguje tento záznam!

MARC

LEADER 00000naa$a2200000$$$4500
001 0186422
005 20240502073201.2
041 0 |a slo 
044 |a SK 
245 1 0 |a Negatívne vplyvy hospodárskej činnosti na úrodnosť pôdy  |c Júlia Vybíralová 
520 |a Pôda ako základný výrobný prostriedok v poľnohospodárstve, významná zložka životného prostredia a bohatstvo spoločnosti. Jej základnou funkciou je úrodnosť. Negatívne pôsobenie človeka na pôdu spočíva v jej znečisťovaní a devastácii poľnohospodárskou a priemyselnou činnosťou, čím dochádza k poklesu produkčnej schopnosti pôdy. 
610 2 0 |a prostriedky výrobné 
610 2 0 |a pôda poľnohospodárska 
610 2 0 |a činnosť hospodárska 
610 2 0 |a znečistenie pôdy 
610 2 0 |a ochrana pôdy 
100 1 |a Vybíralová, Júlia